000 00423nam a22001697a 4500
005 20160617155946.0
008 160617b xxu||||| |||| 00| 0 eng d
020 _a81-259-1377-7
041 _aeng
082 _b8022
100 _aMathur, Pradeep Kumar
_92140
245 _aImplementing iso9001:2000
260 _aNew Delhi
_bVikas Publishing House (P) Ltd.
300 _a366
650 _aManagement
_9241
942 _cBK
999 _c2991
_d2990